| 000 | 04843nam a22006017a 4500 | ||
|---|---|---|---|
| 005 | 20081015101515.0 | ||
| 008 | 081015t xxu||||| |||| 00| 0 hin d | ||
| 010 | _aHIN-84409-417 | ||
| 020 |
_c6300.00 (सैट मूल्य) _a9788179752142 |
||
| 020 | _a9788179752135 | ||
| 020 | _a9788179752128 | ||
| 020 | _a9788179752050 (सेट) | ||
| 020 | _a9788179752111 | ||
| 020 | _a9788179752104 | ||
| 020 | _a9788179752098 | ||
| 020 | _a9788179752081 | ||
| 020 | _a9788179752074 | ||
| 020 | _a9788179752067 | ||
| 035 | _aHN-56755-763 | ||
| 037 | _bDBAD / PUB | ||
| 040 |
_aDPL _bHN |
||
| 082 | _a320.5310954 | ||
| 245 |
_aराममनोहर लोहिया रचनावली / _cमस्तराम कपूर द्वारा संपादित |
||
| 246 |
_aRammanohar Lohia rachnavali _bedited by Mastram Kapoor |
||
| 260 |
_aनई दिल्ली _bअनामिका पब्लिशर्स एंड डिस्ट्री _c2008 |
||
| 270 |
_a4697/3,21ए, अंसारी रोड़ _bनई दिल्ली _e110002 _k23281655, 23270239 _l011 27868035 _manamikapublishers@yahoo.com.in |
||
| 300 |
_a9भाग, 593पृ ;567पृ ;306पृ ; 604पृ ;635पृ ;460पृ ;465पृ ;689पृ ;439पृ _c22सेमी (सजिल्द) |
||
| 500 | _a9 भागो में प्रकाशित | ||
| 505 | _aभाग1-मार्क्स, गांधी और समाजवाद, | ||
| 505 | _gभाग 2-इतिहास चक्र, जाति प्रथा,भारत-विभाजन,के अपराधी तथा लोहिया-अमरीका मूलाकात,, | ||
| 505 | _aभाग 3 -सत्ता- प्राप्ति की इच्छा-शक्ति, | ||
| 505 | _aभाग 4- क्रांति के लिए संगठन-1, | ||
| 505 | _aभाग 5- क्रांति के लिए संगठन-2, | ||
| 505 | _aभाग 6- विदेश- नीति,, | ||
| 505 | _aभाग 7- भारत, चीन और उत्तरी सीमाएं,, | ||
| 505 | _aभाग 8- राजनीति में फुर्सत के क्षण तथा भाषा- समस्या,, | ||
| 505 | _aभाग 9- विचार और टिप्पणियां,, , | ||
| 600 |
_aलोहिया, राममनोहर, 1910-1967 _xराजनीतिक एवं सामाजिक विचार |
||
| 600 |
_aLohia, Rammanohar, 1910-1967 _xPolitical and social views |
||
| 650 |
_aसमाजवाद _zभारत |
||
| 650 |
_aSocialism _zIndia |
||
| 700 | _aकपूर, मस्तराम | ||
| 942 |
_2ddc _cHN _mरामम _h320.5310954 |
||
| 999 |
_c16750 _d16750 |
||